Statistics for All Official Names of Belarus

Click here to take the quiz!

General Stats

  • This quiz has been taken 6 times
  • The average score is 7 of 8

Answer Stats

YearsName of Belarus% Correct
1944-1991Byelorussian Soviet Socialist Republic
100%
1920-1941Byelorussian Soviet Socialist Republic
100%
1991-Republic of Belarus
100%
1919Socialist Soviet Republic of Byelorussia
100%
1919-1920Socialist Soviet Republic of Lithuania and Byelorussia
100%
1943-1944German Belarusian Central Council
60%
1941-1943German-Occupied Byelorussia
60%
1918-1919Belarusian People's Republic
40%

Score Distribution

Percentile by Number Answered

Percent of People with Each Score

Your Score History

You have not taken this quiz